[Event "40th Olympiad Open"]
[Site "Istanbul TUR"]
[Date "2012.08.31"]
[Round "4.56"]
[Board "2"]
[White "Kananub, Warot"]
[Black "Win, Tun"]
[Result "1-0"]
[WhiteElo "2139"]
[BlackElo "2174"]
[WhiteTeam "Thailand"]
[BlackTeam "Myanmar"]
[WhiteFideId "6201601"]
[BlackFideId "13003100"]
[EventDate "2012.08.28"]

1. d4 Nf6 2. c4 g6 3. f3 c5 4. d5 d6 5. Nc3 Bg7 6. e4 O-O 7. Be3 Ne8 8. Qd2 Bd7
9. Nge2 Na6 10. g4 e5 11. h4 f6 12. h5 Rf7 13. hxg6 hxg6 14. Ng3 g5 15. Qh2 Kf8
16. Rc1 Qa5 17. Bd2 Qb6 18. b3 Nb4 19. a3 Na6 20. Rb1 Rc8 21. Bd3 Nac7 22. Nd1
Qa6 23. a4 b6 24. Ne3 Ke7 25. Qh7 Qb7 26. Qg6 Na6 27. Rh7 Nb4 28. Bxb4 cxb4 29.
Ke2 a6 30. Rbh1 Rc7 31. Nh5 Bc8 32. Nxg7 Kd8 33. Rh8 1-0

[Event "40th Olympiad Open"]
[Site "Istanbul TUR"]
[Date "2012.08.31"]
[Round "4.56"]
[Board "3"]
[White "Myo Naing"]
[Black "Pitirotjirathon, Jirapak"]
[Result "1-0"]
[WhiteTitle "IM"]
[BlackTitle "FM"]
[WhiteElo "2312"]
[BlackElo "2270"]
[WhiteTeam "Myanmar"]
[BlackTeam "Thailand"]
[WhiteFideId "13000071"]
[BlackFideId "6200206"]
[EventDate "2012.08.28"]

1. e4 e6 2. d4 d5 3. Nd2 c5 4. exd5 Qxd5 5. Ngf3 cxd4 6. Bc4 Qd6 7. Qe2 Nf6 8.
Nb3 Nc6 9. Bg5 a6 10. O-O-O b5 11. Bd3 Be7 12. Nbxd4 Nxd4 13. Nxd4 Qd5 14. Bxf6
Bxf6 15. Be4 Qxa2 16. c3 Ra7 17. Nc6 Rc7 18. Qd3 O-O 19. Bxh7+ Kh8 20. Be4 Bg5+
21. Kc2 Qa4+ 22. Kb1 Bb7 23. Qh3+ Bh6 24. Rd4 Qxd4 25. cxd4 Bxc6 26. Bxc6 Rxc6
27. f4 Kg8 28. g4 Rd6 29. g5 Bxg5 30. fxg5 g6 31. Rd1 Rfd8 32. Qf3 Rxd4 33. Rf1
R8d7 34. Qa8+ Kg7 35. Qxa6 Rd1+ 36. Rxd1 Rxd1+ 37. Kc2 Rd5 38. h4 Rf5 39. Qd6
Rd5 40. Qf4 Rf5 41. Qd4+ Kf8 42. Kb3 Ke7 43. Kb4 Rd5 44. Qf6+ Ke8 45. Ka5 Rf5
46. Qh8+ Kd7 47. Kb6 Kd6 48. b4 Ke7 49. Kc7 Rd5 50. Qf6+ Ke8 51. h5 gxh5 52. g6
Rd7+ 53. Kc8 1-0

[Event "40th Olympiad Open"]
[Site "Istanbul TUR"]
[Date "2012.08.31"]
[Round "4.56"]
[Board "4"]
[White "Kongsee, Uaychai"]
[Black "Aung, Kyaw Moe"]
[Result "1-0"]
[WhiteElo "2273"]
[BlackElo "2149"]
[WhiteTeam "Thailand"]
[BlackTeam "Myanmar"]
[WhiteFideId "6200346"]
[BlackFideId "6200281"]
[EventDate "2012.08.28"]

1. e4 d5 2. exd5 Qxd5 3. Nc3 Qe5+ 4. Be2 c6 5. Nf3 Qc7 6. d4 Bf5 7. Bc4 e6 8.
Qe2 Nf6 9. Bd2 Bxc2 10. Rc1 Bg6 11. d5 Bd6 12. dxe6 O-O 13. Ng5 Kh8 14. exf7 Bf5
15. Be6 Bxe6 16. Nxe6 Qxf7 17. Nxf8 Qxf8 18. O-O Nbd7 19. Rce1 Qf7 20. Qe6 Qf8
21. Ne4 Nxe4 22. Qxe4 Nf6 23. Qf5 Nd5 24. Qxf8+ Rxf8 25. g3 Kg8 26. Kg2 a5 27.
a3 Ra8 28. Re4 a4 29. Rc1 Ra6 30. f4 Be7 31. Bc3 Kf7 32. Bd4 Bf6 33. Bxf6 Nxf6
34. Rd4 Nd5 35. Kf2 Kf6 36. g4 h6 37. Rc2 g5 38. f5 h5 39. h3 Ke5 40. Rd3 Rb6
41. Re2+ Kf6 42. Kf3 Nf4 43. Rd6+ Kf7 44. Rd7+ Kf6 45. Re8 Rxb2 46. Rd6+ Kf7 47.
Red8 Nd5 48. gxh5 Rb3+ 49. Kg4 Rxa3 50. h6 Nf6+ 51. Rxf6+ 1-0

[Event "40th Olympiad Open"]
[Site "Istanbul TUR"]
[Date "2012.08.31"]
[Round "4.57"]
[Board "2"]
[White "Mustafa, Wail"]
[Black "Gentilleau, Jean-Philippe"]
[Result "0-1"]
[BlackTitle "FM"]
[WhiteElo "2075"]
[BlackElo "2205"]
[WhiteTeam "Palestine"]
[BlackTeam "Monaco"]
[WhiteFideId "4672062"]
[BlackFideId "5400074"]
[EventDate "2012.08.28"]

1. Nf3 Nf6 2. d4 e6 3. e3 b6 4. c4 Bb7 5. Nbd2 c5 6. Be2 Be7 7. dxc5 bxc5 8. O-O
O-O 9. b3 d6 10. Qc2 Nc6 11. Bb2 h6 12. Rfd1 Qc7 13. Rac1 Rfd8 14. Bc3 Nd7 15.
Nf1 Bf6 16. Ng3 Nb4 17. Qb2 Bxc3 18. Rxc3 a5 19. a3 Nc6 20. Rcd3 Nde5 21. Nxe5
Nxe5 22. R3d2 Qc6 23. e4 Ng6 24. Nh5 e5 25. Qc3 Qc7 26. Bd3 Qe7 27. Bc2 Nf8 28.
Ng3 g6 29. Qe3 Kg7 30. f4 exf4 31. Qxf4 Ne6 32. Qg4 Qg5 33. Qxg5 hxg5 34. Rxd6
Nd4 35. Rxd8 Rxd8 36. Kf2 Rb8 37. Rd2 Bc8 38. Bd1 Be6 39. Rd3 a4 40. b4 Bxc4 41.
Rd2 Ne6 42. Bxa4 cxb4 43. axb4 Rxb4 44. Bc6 Nf4 45. Bd5 Bb5 46. Kf3 Kf6 47. h4
gxh4 48. Kxf4 hxg3 49. Kxg3 Ke7 50. Ra2 f6 51. Ra7+ Bd7 52. Kf3 Rb6 53. Ke3 Kd6
54. Bf7 g5 55. Ra8 Bc6 56. Bg6 Bxa8 0-1

[Event "40th Olympiad Open"]
[Site "Istanbul TUR"]
[Date "2012.08.31"]
[Round "4.57"]
[Board "4"]
[White "Tamra, Attallah"]
[Black "Nelis, Jean-Francois"]
[Result "0-1"]
[WhiteElo "2084"]
[BlackElo "2207"]
[WhiteTeam "Palestine"]
[BlackTeam "Monaco"]
[WhiteFideId "11500255"]
[BlackFideId "623830"]
[EventDate "2012.08.28"]

1. e4 e6 2. d4 d5 3. Nc3 Bb4 4. e5 c5 5. Bd2 Ne7 6. Nb5 Bxd2+ 7. Qxd2 O-O 8. f4
a6 9. Nd6 cxd4 10. Nf3 Nbc6 11. Bd3 f6 12. O-O f5 13. Qf2 Qb6 14. b3 Bd7 15. Ng5
h6 16. Qh4 hxg5 17. fxg5 Nxe5 18. Nxb7 N7g6 19. Qh5 Kf7 0-1

[Event "40th Olympiad Open"]
[Site "Istanbul TUR"]
[Date "2012.08.31"]
[Round "4.58"]
[Board "2"]
[White "Abrantes, Persson"]
[Black "Abdulla, Al-Rakib"]
[Result "0-1"]
[BlackTitle "GM"]
[WhiteElo "1967"]
[BlackElo "2514"]
[WhiteTeam "Mozambique"]
[BlackTeam "Bangladesh"]
[WhiteFideId "14800063"]
[BlackFideId "10200444"]
[EventDate "2012.08.28"]

1. d4 Nf6 2. c4 e6 3. Nc3 Bb4 4. Qc2 Nc6 5. Nf3 d6 6. Bg5 h6 7. Bxf6 Qxf6 8. e3
O-O 9. Bd3 e5 10. d5 Nb8 11. Nd2 Qg5 12. Nde4 Bxc3+ 13. bxc3 Qxg2 14. O-O-O f5
15. Ng3 Qh3 16. Rdg1 f4 17. Bh7+ Kh8 18. exf4 exf4 19. Qg6 fxg3 20. Rxg3 Qd7 21.
Rhg1 Na6 22. Qc2 g5 23. Bg6 Qg7 24. Rxg5 hxg5 25. Rxg5 Qh6 26. f4 Rf6 27. Rh5
Qxh5 28. Bxh5 Bf5 29. Qf2 Raf8 30. Qh4 Rh6 31. Qg5 Rh7 32. h4 Nc5 33. Be2 Rg7
34. Qh5+ Rh7 35. Qg5 Rg7 36. Qh5+ Kg8 37. Qf3 Re8 38. Qh5 Rg1+ 39. Kb2 Bg6 40.
Qf3 Re1 41. Bd1 R8e4 42. f5 Bf7 43. h5 Rg1 44. f6 Rf4 45. Qe3 Rg2+ 46. Ka3 Rff2
47. Bb3 a5 48. Qc1 Nxb3 49. Kxb3 Rxa2 50. h6 Rgb2+ 51. Qxb2 Rxb2+ 52. Kxb2 Kh7 0-1

[Event "40th Olympiad Open"]
[Site "Istanbul TUR"]
[Date "2012.08.31"]
[Round "4.58"]
[Board "3"]
[White "Hossain, Enamul"]
[Black "Cossa, Pedro Ventura"]
[Result "1-0"]
[WhiteTitle "GM"]
[WhiteElo "2480"]
[BlackElo "1995"]
[WhiteTeam "Bangladesh"]
[BlackTeam "Mozambique"]
[WhiteFideId "10200649"]
[BlackFideId "14800071"]
[EventDate "2012.08.28"]

1. e4 e6 2. d3 Nc6 3. Nf3 d6 4. d4 a6 5. c3 Nf6 6. Bd3 Be7 7. O-O O-O 8. Re1 Re8
9. e5 Nd7 10. Qc2 Nf8 11. Nbd2 d5 12. Nf1 Na5 13. Qd2 b6 14. Qf4 f5 15. exf6
Bxf6 16. Qg3 c5 17. Bf4 Ra7 18. Rad1 c4 19. Bc2 Nc6 20. Ne3 Kh8 21. Ng4 Qd7 22.
h4 Qf7 23. Bg5 h5 24. Nge5 Bxe5 25. Nxe5 Nxe5 26. Rxe5 Nd7 27. Re3 Nf6 28. Bxf6
Qxf6 29. Bg6 Rd8 30. Rf3 1-0

[Event "40th Olympiad Open"]
[Site "Istanbul TUR"]
[Date "2012.08.31"]
[Round "4.59"]
[Board "1"]
[White "Quinonez Centeno, Carlos David"]
[Black "Punongbayan, Hexilon Dela Cruz"]
[Result "1-0"]
[WhiteTitle "FM"]
[WhiteElo "2293"]
[BlackElo "2091"]
[WhiteTeam "Guatemala"]
[BlackTeam "Macau"]
[WhiteFideId "7300530"]
[BlackFideId "15400409"]
[EventDate "2012.08.28"]

1. d4 Nf6 2. Nf3 g6 3. c4 Bg7 4. Nc3 O-O 5. e4 d6 6. Be2 Nc6 7. d5 Nb8 8. O-O a5
9. h3 Na6 10. Re1 e5 11. Bg5 Qe8 12. Nd2 Bd7 13. Nb5 h6 14. Bh4 Kh7 15. Rb1 Ng8
16. Bf1 f5 17. exf5 gxf5 18. f4 e4 19. Nb3 b6 20. N3d4 Nf6 21. Be2 Qg6 22. Kh2
Rg8 23. Rg1 Bf8 24. a3 Be7 25. g3 Qf7 26. b4 axb4 27. axb4 Ne8 28. Bxe7 Qxe7 29.
Qb3 Nf6 30. Nc2 c5 31. dxc6 Bxc6 32. Nbd4 Bd7 33. Ne3 Kg6 34. g4 fxg4 35. hxg4
Kh7 36. g5 hxg5 37. Nef5 Bxf5 38. Nxf5 Qf8 39. Qh3+ Kg6 40. Rxg5+ Kf7 41. Nh6+
Ke7 42. Nxg8+ Nxg8 43. Qh7+ 1-0

[Event "40th Olympiad Open"]
[Site "Istanbul TUR"]
[Date "2012.08.31"]
[Round "4.59"]
[Board "3"]
[White "Galvez Dastin, Eduardo"]
[Black "Celis, Joel"]
[Result "0-1"]
[WhiteElo "2160"]
[BlackElo "1810"]
[WhiteTeam "Guatemala"]
[BlackTeam "Macau"]
[WhiteFideId "7300310"]
[BlackFideId "15400212"]
[EventDate "2012.08.28"]

1. d4 Nf6 2. c4 e5 3. dxe5 Ng4 4. e4 Nxe5 5. f4 Ng6 6. Be3 Bb4+ 7. Nd2 Qe7 8.
Bd3 Qd6 9. Qb3 Bxd2+ 10. Bxd2 Nxf4 11. Bf1 Ne6 12. O-O-O Qe7 13. Qg3 Nc6 14. e5
b6 15. Ne2 Bb7 16. Nc3 O-O-O 17. Nd5 Qe8 18. Bd3 Nc5 19. Bc2 Nd4 20. Rhe1 Nxc2
21. Kxc2 Qe6 22. Bg5 Rde8 23. Kc1 c6 24. Ne3 Ne4 25. Qf4 Nxg5 26. Qxg5 Qxe5 27.
Nf5 Qxe1 28. Rxe1 Rxe1+ 29. Kd2 Re6 30. Qxg7 Rhe8 31. Qxf7 Kc7 32. Nd4 Re4 33.
Kc2 R8e7 34. Qf6 a6 35. Nf5 R7e6 36. Qf7 Re2+ 37. Kb3 c5 38. a3 Be4 39. Ng3 Re3+
40. Ka2 Bc2 41. b4 Bg6 42. Qf4+ d6 43. Kb2 Rd3 44. Qh6 Re7 45. Qf8 Re8 46. Qg7+
Kc6 47. Qa7 Rd2+ 48. Kc1 Ra2 49. Kd1 Bc2+ 50. Kc1 Re1+ 51. Kd2 Rd1+ 52. Ke2 Ba4+
53. Ke3 Rxa3+ 54. Kf4 Rd4+ 55. Ne4 Rxc4 56. bxc5 dxc5 57. Kg5 Rxe4 58. Qa8+ Kb5
59. Qxe4 Bb3 60. Qe7 Ra2 61. Qd7+ Kb4 62. g4 b5 63. Qxh7 c4 64. Qe7+ Kc3 65. h4
Kb2 66. h5 b4 67. h6 Ra5+ 0-1

[Event "40th Olympiad Open"]
[Site "Istanbul TUR"]
[Date "2012.08.31"]
[Round "4.60"]
[Board "1"]
[White "Bravo, William"]
[Black "Mohamed, Hassan MDV"]
[Result "1-0"]
[WhiteTitle "FM"]
[WhiteElo "2291"]
[BlackElo "1790"]
[WhiteTeam "Nicaragua"]
[BlackTeam "Maldives"]
[WhiteFideId "6100406"]
[BlackFideId "16700058"]
[EventDate "2012.08.28"]

1. d4 Nf6 2. c4 e6 3. Nf3 Be7 4. Nc3 d5 5. Bg5 Ne4 6. Bxe7 Qxe7 7. Rc1 O-O 8.
Qb3 dxc4 9. Qxc4 Nd6 10. Qb3 b6 11. e4 Nd7 12. Bd3 c5 13. e5 Nf5 14. Bxf5 exf5
15. Nd5 Qd8 16. O-O Bb7 17. Rcd1 cxd4 18. Rxd4 Nc5 19. Qd1 Bxd5 20. Rxd5 Qe7 21.
Qc2 g6 22. Rfd1 Rac8 23. Qd2 Kg7 24. h4 h6 25. h5 Ne6 26. hxg6 Rcd8 27. gxf7
Rxd5 28. Qxd5 Rxf7 29. Qc6 Ng5 30. Nh4 Nh3+ 31. gxh3 Qxh4 32. Qf3 Qe7 33. Qd5 f4
34. Kh2 Rf5 35. Rg1+ Rg5 36. Rxg5+ hxg5 37. Qd6 Kf7 38. f3 Qe6 39. h4 gxh4 40.
Qxe6+ Kxe6 41. Kh3 Kxe5 42. Kxh4 Kd4 43. Kg5 Ke3 44. Kg4 a6 45. b4 a5 46. bxa5
bxa5 47. a4 Kd4 48. Kxf4 Kc4 49. Ke4 Kb4 50. f4 Kxa4 51. f5 Kb3 52. f6 a4 53. f7
a3 54. f8=Q a2 55. Qh8 1-0

[Event "40th Olympiad Open"]
[Site "Istanbul TUR"]
[Date "2012.08.31"]
[Round "4.60"]
[Board "3"]
[White "Ortiz, Marcos"]
[Black "Abdul Rahman Ali"]
[Result "1-0"]
[WhiteElo "2171"]
[BlackElo "1912"]
[WhiteTeam "Nicaragua"]
[BlackTeam "Maldives"]
[WhiteFideId "6100678"]
[BlackFideId "16700066"]
[EventDate "2012.08.28"]

1. e4 e6 2. d4 d5 3. Nc3 Bb4 4. e5 Nd7 5. a3 Bf8 6. Nf3 a6 7. Bg5 f6 8. exf6
Ngxf6 9. Bd3 Bd6 10. O-O O-O 11. Re1 Re8 12. Qd2 c5 13. dxc5 Bxc5 14. Re2 Nf8
15. Qf4 Be7 16. Ne5 Bd7 17. Rae1 Rc8 18. Re3 Qc7 19. Rg3 Qd8 20. Bh6 Ng6 21.
Bxg6 hxg6 22. Rxg6 Bf8 23. Re3 Rc7 24. Reg3 Bb5 25. Rxf6 Qd6 26. Rf7 Rxf7 27.
Qxf7+ Kh7 28. Rxg7+ 1-0

[Event "40th Olympiad Open"]
[Site "Istanbul TUR"]
[Date "2012.08.31"]
[Round "4.61"]
[Board "1"]
[White "Mesfin, Leykun"]
[Black "Abdulwahhab, Ahmed Abdulsattar A"]
[Result "1-0"]
[BlackTitle "FM"]
[WhiteElo "2115"]
[BlackElo "2314"]
[WhiteTeam "Ethiopia"]
[BlackTeam "Iraq"]
[WhiteFideId "15700097"]
[BlackFideId "4801849"]
[EventDate "2012.08.28"]

1. e4 c5 2. Nf3 e6 3. d4 cxd4 4. Nxd4 a6 5. Bd3 Nf6 6. O-O Qc7 7. Qe2 d6 8. c3
Be7 9. h3 O-O 10. f4 Nbd7 11. Nd2 b5 12. N2f3 Bb7 13. e5 Nd5 14. Bd2 Nc5 15. Bc2
Nb6 16. Rad1 Bd5 17. exd6 Qxd6 18. Rfe1 Bc4 19. Qf2 Qc7 20. Ne5 Bd5 21. Qe2 Nc4
22. Bc1 Rae8 23. Qh5 g6 24. Qe2 Bh4 25. Rf1 f5 26. Ndf3 Bf6 27. Rfe1 Nxe5 28.
fxe5 Bg7 29. Bf4 Bxa2 30. b4 Bc4 31. Qe3 Nd7 32. Rd6 Nb8 33. Red1 Bd5 34. R6xd5
exd5 35. Rxd5 Rc8 36. Rc5 Qa7 37. Bb3+ Kh8 38. e6 Qe7 39. Bg5 Qb7 40. e7 Rfe8
41. Rxc8 Qxc8 42. Ne5 Rxe7 43. Bxe7 h6 44. Nxg6+ Kh7 45. Be6 Qxc3 46. Qxc3 Bxc3
47. Bxf5 Kg7 48. Be4 Nd7 49. Nf4 Kf7 50. Bd6 Nf6 51. Bc6 Ne8 52. Bxe8+ Kxe8 53.
Nd5 Bd4+ 54. Kf1 Kd7 55. Bf4 Kc6 56. Ne3 h5 57. Ke2 Bc3 58. Nc2 a5 59. bxa5 Bxa5
60. Kd3 Bd8 61. Nd4+ Kb6 62. Bd6 Bf6 63. Bb4 Be5 64. Ke4 Bg3 65. Nf5 Bc7 66. Ng7
h4 67. Nf5 Bd8 68. Be1 Kc5 69. Bxh4 Ba5 70. Be7+ Kc6 71. Nd4+ Kd7 72. Bc5 b4 73.
g4 Ke8 1-0

[Event "40th Olympiad Open"]
[Site "Istanbul TUR"]
[Date "2012.08.31"]
[Round "4.61"]
[Board "2"]
[White "Ahmed, Ali Layth Ahmed"]
[Black "Fekadu, Desalegn Jimma"]
[Result "1-0"]
[WhiteTitle "FM"]
[WhiteElo "2360"]
[BlackElo "2149"]
[WhiteTeam "Iraq"]
[BlackTeam "Ethiopia"]
[WhiteFideId "4801920"]
[BlackFideId "15700070"]
[EventDate "2012.08.28"]

1. d4 Nf6 2. c4 g6 3. Nc3 Bg7 4. Nf3 O-O 5. g3 d5 6. cxd5 Nxd5 7. Bg2 Nxc3 8.
bxc3 c5 9. O-O Nc6 10. e3 Qa5 11. Bb2 Rd8 12. Qe2 Rb8 13. Rfd1 cxd4 14. cxd4 Qh5
15. Rac1 Bg4 16. Rc5 Rd5 17. h3 Be6 18. g4 Qh6 19. Rxd5 Bxd5 20. e4 Bxe4 21.
Qxe4 g5 22. Bc1 Qd6 23. Nxg5 h6 24. Nf3 Rd8 25. Be3 e6 26. Rb1 b6 27. Bf4 Qd7
28. Ne5 Nxe5 29. Bxe5 Qa4 30. Bxg7 Kxg7 31. Qe5+ Kg8 32. d5 Qc2 33. Re1 Qxa2 34.
Qf6 Rd6 35. Qxh6 1-0

[Event "40th Olympiad Open"]
[Site "Istanbul TUR"]
[Date "2012.08.31"]
[Round "4.62"]
[Board "3"]
[White "Goundar, Sanmogam"]
[Black "Baek, Wongi"]
[Result "1-0"]
[WhiteTitle "CM"]
[WhiteElo "1929"]
[BlackElo "1719"]
[WhiteTeam "Fiji"]
[BlackTeam "South Korea"]
[WhiteFideId "11400110"]
[BlackFideId "13200186"]
[EventDate "2012.08.28"]

1. e4 e5 2. Bc4 Nf6 3. d3 Nc6 4. Nc3 Bb4 5. a3 Bxc3+ 6. bxc3 d5 7. exd5 Nxd5 8.
Ne2 O-O 9. O-O Bg4 10. f3 Be6 11. Bxd5 Qxd5 12. a4 Rad8 13. Ba3 Rfe8 14. Qe1 Qd7
15. Qf2 b6 16. Rad1 Na5 17. Qh4 c5 18. Ra1 c4 19. d4 Bf5 20. dxe5 Bxc2 21. Nd4
Bxa4 22. Rae1 Nc6 23. Bd6 Nxd4 24. Qxd4 Bc6 25. f4 b5 26. Qf2 Qb7 27. Bc5 a5 28.
f5 Be4 29. Qf4 Bd3 30. Rf3 Qd5 31. Bb6 Ra8 32. Rg3 f6 33. Bd4 Re7 34. Ree3 Rae8
35. exf6 Rxe3 36. Rxg7+ Kf8 37. Bxe3 Bxf5 38. h3 Qe4 39. Bc5+ 1-0

[Event "40th Olympiad Open"]
[Site "Istanbul TUR"]
[Date "2012.08.31"]
[Round "4.62"]
[Board "4"]
[White "Kim, Inguh"]
[Black "Arvind, Goru"]
[Result "1-0"]
[WhiteElo "1790"]
[BlackElo "1678"]
[WhiteTeam "South Korea"]
[BlackTeam "Fiji"]
[WhiteFideId "13201204"]
[BlackFideId "11400188"]
[EventDate "2012.08.28"]

1. d4 d5 2. c4 Nf6 3. cxd5 Nxd5 4. e4 Nb6 5. Nc3 e6 6. Nf3 Be7 7. Bd3 Nc6 8. O-O
Nxd4 9. Nxd4 Qxd4 10. Bb5+ Qd7 11. Bxd7+ Bxd7 12. Qg4 g6 13. b3 f6 14. Bb2 e5
15. Qe2 a6 16. Rfd1 Bd6 17. Rac1 Bc6 18. Nd5 Nxd5 19. exd5 Bb5 20. Qe4 O-O-O 21.
a4 Bd7 22. Ra1 c5 23. dxc6 Bxc6 24. Qc2 Kc7 25. Ba3 1-0

[Event "40th Olympiad Open"]
[Site "Istanbul TUR"]
[Date "2012.08.31"]
[Round "4.63"]
[Board "1"]
[White "Haddouche, Mohamed"]
[Black "Jones, Richard S."]
[Result "1-0"]
[WhiteTitle "IM"]
[BlackTitle "IM"]
[WhiteElo "2429"]
[BlackElo "2393"]
[WhiteTeam "Algeria"]
[BlackTeam "Wales"]
[WhiteFideId "7900660"]
[BlackFideId "1800833"]
[EventDate "2012.08.28"]

1. e4 e5 2. Nf3 Nf6 3. d3 Nc6 4. g3 Bc5 5. Bg2 O-O 6. O-O d6 7. h3 Ne7 8. Nc3 c6
9. a3 Bb6 10. Bg5 Ng6 11. d4 h6 12. Be3 Re8 13. Re1 Be6 14. Qd3 Qc7 15. Na4 d5
16. Nxb6 axb6 17. Nxe5 dxe4 18. Qd1 Nxe5 19. dxe5 Rad8 20. Qe2 Qxe5 21. Bxb6 Rd7
22. c3 Bf5 23. Bd4 Qe6 24. Kh2 h5 25. Qe3 h4 26. g4 Bg6 27. Qg5 c5 28. Qxc5 Nd5
29. Be3 b6 30. Qb5 Nxe3 31. Rxe3 Rd2 32. Rae1 Red8 33. Kg1 Qd6 34. Bxe4 Qf4 35.
Bf3 Rxf2 36. Kxf2 Qg3+ 37. Kf1 Rd2 38. Qe8+ Kh7 39. Be2 Qh2 40. Qc6 1-0

[Event "40th Olympiad Open"]
[Site "Istanbul TUR"]
[Date "2012.08.31"]
[Round "4.63"]
[Board "2"]
[White "Kett, Tim"]
[Black "Oussedik, Mahfoud"]
[Result "0-1"]
[BlackTitle "CM"]
[WhiteElo "2237"]
[BlackElo "2242"]
[WhiteTeam "Wales"]
[BlackTeam "Algeria"]
[WhiteFideId "1801210"]
[BlackFideId "7901810"]
[EventDate "2012.08.28"]

1. d4 Nf6 2. c4 g6 3. Nc3 Bg7 4. e4 d6 5. f4 O-O 6. Nf3 c5 7. d5 e6 8. dxe6 fxe6
9. Bd3 Nc6 10. O-O Nd4 11. Qe1 a6 12. Bd2 Bd7 13. Rd1 b5 14. e5 Nxf3+ 15. Rxf3
dxe5 16. Qxe5 b4 17. Ne2 Rc8 18. Ng3 Ng4 19. Qe2 Bd4+ 20. Be3 Nxe3 21. Rxe3 e5
22. fxe5 Qg5 23. Re1 Bg4 24. Qd2 Rce8 25. Ne4 Qxe5 26. Kh1 Bxe3 27. Qxe3 Bf5 28.
h3 Bxe4 29. Bxe4 Kg7 30. g3 Re7 31. Kg2 Qxb2+ 32. Re2 Qe5 33. Qd3 Rfe8 34. Kf3
a5 35. Qd5 Qxd5 36. cxd5 Rxe4 37. Rxe4 Rxe4 38. Kxe4 Kf6 39. Kd3 Ke5 40. Kc4 Kd6
41. h4 a4 42. g4 h6 0-1

[Event "40th Olympiad Open"]
[Site "Istanbul TUR"]
[Date "2012.08.31"]
[Round "4.63"]
[Board "3"]
[White "Nassr, Ali"]
[Black "Jones, Iolo C"]
[Result "1/2-1/2"]
[WhiteTitle "FM"]
[BlackTitle "CM"]
[WhiteElo "2030"]
[BlackElo "2243"]
[WhiteTeam "Algeria"]
[BlackTeam "Wales"]
[WhiteFideId "7900520"]
[BlackFideId "1800094"]
[EventDate "2012.08.28"]

1. e4 e5 2. Nf3 Nf6 3. Nxe5 d6 4. Nf3 Nxe4 5. d3 Nf6 6. d4 Be7 7. Bd3 Bg4 8. O-O
O-O 9. h3 Bh5 10. Bf4 Nbd7 11. Re1 Re8 12. c3 Nf8 13. Nbd2 Bg6 14. Bxg6 Nxg6 15.
Bh2 Qd7 16. Qb3 b6 17. d5 Bf8 18. c4 Rxe1+ 19. Rxe1 Re8 20. Rxe8 Qxe8 21. Bg3
Nh5 22. Kh2 Nxg3 23. fxg3 Be7 24. Ne4 Bd8 25. Nc3 Ne5 26. Nb5 Nxf3+ 27. Qxf3 a6
28. Na7 Bf6 29. b3 h6 30. Nc6 a5 31. Qf5 Be5 32. h4 g6 33. Qf3 h5 34. Kg1 Bg7
35. Kf2 Kf8 36. Qe3 Qxe3+ 37. Kxe3 Ke8 38. Kf4 Bf6 39. a3 Bb2 40. a4 Bf6 41. Kf3
Kd7 42. Kf2 Ke8 43. Kf3 Kd7 44. Kf4 Ke8 45. Na7 Be5+ 46. Kf3 f5 47. Nb5 Kd7 48.
Na3 Ke7 49. Nc2 Bc3 50. Na3 Kd7 51. Nb5 Bb2 52. Kf4 Bc1+ 53. Kf3 Bb2 54. Kf4
Bc1+ 55. Kf3 Bb2 1/2-1/2

[Event "40th Olympiad Open"]
[Site "Istanbul TUR"]
[Date "2012.08.31"]
[Round "4.63"]
[Board "4"]
[White "Brown, Thomas"]
[Black "Medjkouh, Said"]
[Result "0-1"]
[WhiteElo "2104"]
[BlackElo "2081"]
[WhiteTeam "Wales"]
[BlackTeam "Algeria"]
[WhiteFideId "1801430"]
[BlackFideId "7901496"]
[EventDate "2012.08.28"]

1. d4 g6 2. g3 Bg7 3. Bg2 d6 4. Nf3 Nd7 5. d5 Ngf6 6. c4 O-O 7. O-O e5 8. dxe6
fxe6 9. Bg5 h6 10. Bc1 Qe7 11. Qc2 Kh7 12. Nc3 c6 13. Nh4 Qf7 14. Ne4 Nxe4 15.
Bxe4 Ne5 16. Bf4 Rg8 17. Rad1 d5 18. Bxe5 Bxe5 19. Bd3 Bf6 20. Ng2 e5 21. e4 d4
22. f4 Qe7 23. Rf2 Bh3 24. Ne1 exf4 25. gxf4 Bh4 26. Rfd2 Raf8 27. Ng2 Bxg2 28.
Rxg2 Rxf4 29. e5 Qxe5 30. Bxg6+ Kh8 31. Kh1 Be1 32. Bd3 Rgf8 33. Be2 Rf1+ 34.
Rg1 R8f2 0-1

[Event "40th Olympiad Open"]
[Site "Istanbul TUR"]
[Date "2012.08.31"]
[Round "4.64"]
[Board "1"]
[White "Meza Martinez, Alcides Ivan"]
[Black "Serban, Vlad"]
[Result "0-1"]
[WhiteElo "2187"]
[BlackElo "2280"]
[WhiteTeam "Honduras"]
[BlackTeam "Luxembourg"]
[WhiteFideId "8400610"]
[BlackFideId "4001060"]
[EventDate "2012.08.28"]

1. c4 g6 2. g3 Bg7 3. Bg2 e5 4. Nc3 d6 5. d3 Nc6 6. e4 Be6 7. Nge2 Qd7 8. Nd5
Nd8 9. h4 c6 10. Ndc3 Ne7 11. Qa4 a6 12. Be3 b5 13. cxb5 cxb5 14. Qd1 Ndc6 15.
d4 exd4 16. Nxd4 Ne5 17. Nxe6 Qxe6 18. O-O O-O 19. Ne2 Nc4 20. Bd4 Nxb2 21. Qc2
Na4 22. Bxg7 Kxg7 23. Qd2 Rac8 24. Rad1 Rfd8 25. Nd4 Qf6 26. Bh3 Rc4 27. e5 Qxe5
28. Rfe1 Qf6 29. Re3 Nc6 30. Nf3 Nc5 31. Ng5 Ne5 32. Qd5 Rc2 33. f4 Nc4 34. Ree1
Rc3 35. Kh2 Ne3 36. Rxe3 Rxe3 37. Rd2 Rde8 38. Bg2 h6 39. Nf3 Re2 40. h5 Rxd2
41. Nxd2 Re2 42. hxg6 Qxg6 43. Nf3 Ne4 44. Qd4+ Kg8 0-1

[Event "40th Olympiad Open"]
[Site "Istanbul TUR"]
[Date "2012.08.31"]
[Round "4.64"]
[Board "3"]
[White "Bobadilla, Yelso"]
[Black "Jeitz, Christian"]
[Result "0-1"]
[WhiteElo "1874"]
[BlackElo "2212"]
[WhiteTeam "Honduras"]
[BlackTeam "Luxembourg"]
[WhiteFideId "8400970"]
[BlackFideId "4000803"]
[EventDate "2012.08.28"]

1. e4 c5 2. Nf3 Nc6 3. d4 cxd4 4. Nxd4 e6 5. Be3 Nf6 6. Bd3 d5 7. Nxc6 bxc6 8.
e5 Nd7 9. f4 Qa5+ 10. Qd2 Qxd2+ 11. Nxd2 f6 12. Nf3 c5 13. c3 Rb8 14. b3 Be7 15.
O-O Kf7 16. Rae1 Nb6 17. Nh4 f5 18. Nf3 h6 19. h3 Bb7 20. g4 g6 21. Kh2 Bc6 22.
Kg3 a5 23. Nd2 a4 24. Rb1 Rb7 25. Bc2 axb3 26. axb3 Ra8 27. Rb2 Ra3 28. Rfb1 Nd7
29. Nf3 Nb6 30. Nd2 Nc8 31. Nf3 Na7 32. Bd2 Nb5 33. Kf2 d4 34. c4 Nc3 35. Rg1
Be4 36. Rc1 Na4 37. Rbb1 Bxc2 38. Rxc2 Rbxb3 39. Rxb3 Rxb3 40. Kg2 Rb2 41. Ne1
Bh4 42. Rxb2 Nxb2 43. Nf3 Bd8 44. Kf2 fxg4 45. hxg4 Nxc4 46. Bc1 Ba5 47. Ke2 Bc3
48. Kd3 Nb6 49. Ba3 c4+ 50. Kc2 Nd5 51. Bc1 Nb4+ 52. Kd1 Nd3 53. Bd2 Nf2+ 54.
Ke2 Nxg4 55. Bxc3 dxc3 56. Nd4 h5 57. Nc2 h4 58. Kf3 h3 0-1